PPS Planning for the historic environment (Record no. 109911)

MARC details
000 -LEADER
fixed length control field 01426cad a22002775a 4500
001 - CONTROL NUMBER
control field L148144
008 - FIXED-LENGTH DATA ELEMENTS--GENERAL INFORMATION
fixed length control field 090804e20090724xxk f f000 0 eng d
035 ## - SYSTEM CONTROL NUMBER
System control number (Sirsi) u148144
041 0# - LANGUAGE CODE
Language code of text/sound track or separate title eng
050 04 - LIBRARY OF CONGRESS CALL NUMBER
Classification number 711.52 $2 18
110 2# - MAIN ENTRY--CORPORATE NAME
Corporate name or jurisdiction name as entry element English Heritage
9 (RLIN) 2714
245 00 - TITLE STATEMENT
Title PPS Planning for the historic environment
Remainder of title historic environment planning practice guide: living draft: 24 July 2009
Medium [electronic resource]
260 ## - PUBLICATION, DISTRIBUTION, ETC.
Place of publication, distribution, etc. London
Name of publisher, distributor, etc. English Heritage
Date of publication, distribution, etc. 2009
490 #0 - SERIES STATEMENT
Series statement Planning Policy Statement
Volume/sequential designation 15
505 2# - FORMATTED CONTENTS NOTE
Formatted contents note Introduction -- Plan-making and the historic environment -- The development management process -- Further guidance on making changes to heritage assets
520 ## - SUMMARY, ETC.
Summary, etc. Consultation document accompanies and explains "Planning for the Historic Environment: Planning Policy Planning Statement 15" (PPS). Aims to assist local authorities in implementing the Planning Policy Statement by providing advice, ideas and examples.
520 ## - SUMMARY, ETC.
Summary, etc. Deadline for comments is 30 October 2009.
521 ## - TARGET AUDIENCE NOTE
Target audience note Advanced
590 ## - LOCAL NOTE (RLIN)
Local note KA
650 24 - SUBJECT ADDED ENTRY--TOPICAL TERM
Topical term or geographic name entry element PLANNING POLICY STATEMENT 15
651 #4 - SUBJECT ADDED ENTRY--GEOGRAPHIC NAME
Geographic name England and Wales
Chronological subdivision 1543-
690 ## - LOCAL SUBJECT ADDED ENTRY--TOPICAL TERM (OCLC, RLIN)
Topical term or geographic name as entry element BUILT ENVIRONMENT-BUILDING TYPES-ANCIENT MONUMENTS AND HISTORIC BUILDINGS
690 ## - LOCAL SUBJECT ADDED ENTRY--TOPICAL TERM (OCLC, RLIN)
Topical term or geographic name as entry element Planning and development
9 (RLIN) 6259
856 40 - ELECTRONIC LOCATION AND ACCESS
Uniform Resource Identifier <a href="https://www.english-heritage.org.uk/server/show/nav.21136">https://www.english-heritage.org.uk/server/show/nav.21136</a>
Public note View the practice guide free of charge at www.english-heritage.org.uk...
942 ## - ADDED ENTRY ELEMENTS (KOHA)
Suppress in OPAC 0
Holdings
Withdrawn status Lost status Source of classification or shelving scheme Damaged status Not for loan Home library Current library Shelving location Date acquired Total Checkouts Full call number Barcode Date last seen Copy number Price effective from Koha item type
    Dewey Decimal Classification     Virtual Virtual Online 04/08/2009   ONLINE PUBLICATION 148144-2001 06/08/2019 1 06/08/2019 Book